Coking-coal deposits of the western United States, (Record no. 28583)

MARC details
000 -LEADER
fixed length control field 00775cam a22002531 4500
001 - CONTROL NUMBER
control field gs 51000256
003 - CONTROL NUMBER IDENTIFIER
control field DLC
005 - DATE AND TIME OF LATEST TRANSACTION
control field 20260227111358.0
008 - FIXED-LENGTH DATA ELEMENTS--GENERAL INFORMATION
fixed length control field 841108s1951 dcuab b f000 0 eng c
010 ## - LIBRARY OF CONGRESS CONTROL NUMBER
LC control number gs 51000256
035 ## - SYSTEM CONTROL NUMBER
System control number (OCoLC)11363945
040 ## - CATALOGING SOURCE
Original cataloging agency U. S. Geol. Survey. Libr.
Transcribing agency TxHR
Modifying agency DLC
042 ## - AUTHENTICATION CODE
Authentication code premarc
050 00 - LIBRARY OF CONGRESS CALL NUMBER
Classification number QE75
Item number .C5 no. 90
100 1# - MAIN ENTRY--PERSONAL NAME
Personal name Berryhill, Louise R.
245 10 - TITLE STATEMENT
Title Coking-coal deposits of the western United States,
Statement of responsibility, etc. by Louise R. Berryhill and Paul Averitt.
260 ## - PUBLICATION, DISTRIBUTION, ETC.
Place of publication, distribution, etc. [Washington]
Date of publication, distribution, etc. 1951.
300 ## - PHYSICAL DESCRIPTION
Extent i, 20 p.
Other physical details map., diagr.
Dimensions 27 cm.
440 #0 - SERIES STATEMENT/ADDED ENTRY--TITLE
Title Geological Survey circular
Volume/sequential designation 90
500 ## - GENERAL NOTE
General note Cover title.
504 ## - BIBLIOGRAPHY, ETC. NOTE
Bibliography, etc. note "References": p. 19-20.
650 #0 - SUBJECT ADDED ENTRY--TOPICAL TERM
Topical term or geographic name entry element Coking coal
Geographic subdivision United States
700 1# - ADDED ENTRY--PERSONAL NAME
Personal name Averitt, Paul,
Dates associated with a name 1908-

No items available.

Powered by Koha